01656nam a2200205 a 450000100060000000300090000600800410001502000150005604000280007108200180009911000220011724500450013926000380018430000140022250510870023665000340132365000330135765000260139065000340141614896CO-ViMGA141112s2004 ck r 000 u spa d a9588089670 aCO-ViMGAbspacCO-ViMGA04a370.115 T425n aTiempo (Bogotá)10aNuestra nación : bcivica y democracia aBogotá : bLlano 7 dias, c2002 a109.p.il. aLa civica y sus valores 10 - - Colombia, nuestro país 12 - - Los simbolos patrios 14 - - La nación Colombiana 20 - - Colombia en el mundo : Organismos internacionales 22 - - El estado Colombiano 24 - - Historia de la constitución 26 - - Derechos fundamentales 30 - - Los derechos de los niños 34 - - Derechos y deberes ciudadanos 36 - - Los derechos laborales 38 - - Nacionalidad y ciudadania 40 - - El regimen democrático 46 - - Los partidos políticos 48 - - Partidos contemporaneos 50 - - La participación ciudadana 52 - - Las autoridades electorales 56 - - El poder público 58 - - Los presidentes del siglo XX 68 - - Entidades territoriales 74 - - La fuerza pública 80 - - El poder lejislativo 84 - - El capitolio Nacional 88 - - El poder judicial 90 - - Organismos de control 94 - - La familia en Colombia 96 - - La sociedad civil 99 - - Los servicios públicos 102 - - El amoblamiento urbano 104 - - Las señales de transito 106 - - Tolima tierra de Pijaos 112 - - Boyacá cuna de la libertad 114 - - Meta alma del llano 116 - - Los hermanos llaneros 118 14aCOLOMBIA - ASPECTOS POLITICOS14aCOLOMBIA - ASPECTOS SOCIALES14aDEMOCRACIA - COLOMBIA14aeducación CIVICA - COLOMBIA